Missing Word: 'G' Names Quiz Stats

 Plays Quiz Updated Jun 20, 2018

Challenge
Share
Tweet
Embed
Score 0/24 Timer 02:00
0 Plays Today
Full Name Missing Name % Correct
_____ StefaniGwen
93.2%
_____ OrwellGeorge
89.9%
Bill _____Gates
89.3%
Amazing _____Grace
85.9%
_____ SimmonsGene
81.5%
Art _____Garfunkel
75.7%
_____ GarboGreta
68.2%
_____ CooperGary
65.6%
_____ NormanGreg
63.5%
_____ PaltrowGwyneth
62.8%
_____ FawkesGuy
60.5%
Mohandas _____Gandhi
60.5%
Full Name Missing Name % Correct
_____ KnightGladys
60.1%
_____ GalileiGalileo
59.1%
Billy _____Graham
58.7%
_____ SteinemGloria
54.8%
_____ CampbellGlen
54.6%
Peter _____Gabriel
53.8%
George _____Gershwin
52.6%
_____ B√ľndchenGisele
46.8%
_____ AllenGracie
37.1%
Don _____Giovanni
36.5%
Yuri _____Gagarin
29.4%
Michael _____Gambon
27.4%

Today's Daily Dose

You're not logged in!

Compare scores with friends on all Sporcle quizzes.
OR
Log In

You Might Also Like...

Show Comments

Extras

Top Quizzes Today


Score Distribution

Your Account Isn't Verified!

In order to create a playlist on Sporcle, you need to verify the email address you used during registration. Go to your Sporcle Settings to finish the process.

Report this User

Report this user for behavior that violates our Community Guidelines.

Details: